000 00219nam a22000857a 4500
008 161111b xxu||||| |||| 00| 0 eng d
100 _91122
_aFunk.W.
245 _aSix Weeks to Words of Power
260 _aNew Delhi
_bGoyal
_c1979
999 _c3783
_d3783